Seafood and wild game cook book /

Bibliographic Details
Main Author: Crosby, Theora W., 1909-
Other Authors: Stinnett, Irby, 1895-
Format: Book
Language:English
Published: San Antonio, TX : Naylor Co., [1948]
Subjects:

MARC

Tag First Indicator Second Indicator Subfields
LEADER 00000cam a2200000 4500
001 in00000047759
005 20190207093424.0
008 770119s1948 txua 001 0 eng d
010 |a  48008572  
035 |a (OCoLC)02687584 
035 |9 AAF3340AM 
040 |a TXN  |c TXN  |d TXA  |d UtOrBLW 
049 |a TXAM  |c 1 [158601]  |c 2 [159455] 
050 0 |a TX743  |b .C76 
090 |a TX743  |b .C76 1948 
092 |a 641.5  |b C949s 
100 1 |a Crosby, Theora W.,  |d 1909- 
245 1 0 |a Seafood and wild game cook book /  |c by Theora W. Crosby and Irby Stinnett. 
264 1 |a San Antonio, TX :  |b Naylor Co.,  |c [1948] 
264 4 |c ©1948 
300 |a viii, 177 pages :  |b illustrations ;  |c 23 cm. 
336 |a text  |b txt  |2 rdacontent 
337 |a unmediated  |b n  |2 rdamedia 
338 |a volume  |b nc  |2 rdacarrier 
500 |a The Cushing Library/Chapman Texas Collection copy is part of the Floyd & Louise Chapman Texas & Borderlands Collection.  |5 TXA 
500 |a Includes index. 
500 |a "The Texas Cookbook Collection." 
536 |a Cushing Library Texas copy was donated 1999 by Ona Stribling Beams, Dallas, Texas, in memory of George William Beams, Class of 1929. 
650 0 |a Cooking, American. 
650 0 |a Cooking  |z Texas. 
650 0 |a Cooking (Fish) 
650 0 |a Cooking (Shellfish) 
650 0 |a Cooking (Game) 
700 1 |a Stinnett, Irby,  |d 1895- 
999 |a MARS 
999 f f |s 50c0a901-5a3e-331a-b9e0-17e7386d68a9  |i c01b9a79-007a-39ab-8d85-34aaa9b82e21  |t 0 
952 f f |p noncirc  |a Texas A&M University  |b College Station  |c Cushing Memorial Library & Archives  |d Cushing: Chapman Texas Collection (Does not check out)  |t 0  |e TX743 .C76 1948  |h Library of Congress classification  |i unmediated -- volume 
952 f f |p ric  |a Texas A&M University  |b Rellis Campus  |c Joint Library Facility  |d Remote Storage  |t 0  |e TX743 .C76 1948  |h Library of Congress classification  |i unmediated -- volume  |m A14801101440 
998 f f |a TX743 .C76 1948  |t 0  |l Cushing: Chapman Texas Collection (Does not check out) 
998 f f |a TX743 .C76 1948  |t 0  |l Remote Storage